[Event "Asia-ch 4th"]
[Site "Doha"]
[Date "2003.02.28"]
[Round "7"]
[White "Paragua, Mark"]
[Black "Hossain, Enamul"]
[Result "1-0"]
[WhiteElo "2506"]
[BlackElo "2451"]
[Annotator "Bangiev,A"]
[PlyCount "45"]
[EventDate "2003.02.22"]
[EventType "swiss"]
[EventRounds "9"]
[EventCountry "QAT"]
[SourceTitle "CBM 094"]
[Source "ChessBase"]
[SourceDate "2003.05.26"]
[SourceVersion "1"]
[SourceVersionDate "2003.05.26"]
[SourceQuality "1"]

1. e4 c5 2. Nc3 d6 3. f4 Nc6 $6 (3... g6 $142) 4. Nf3 g6 5. Bb5 $1 {Ein guter
Zug, mit der Absicht den Nc6 zu tauschen und damit die schwarze Kontrolle über
die schwarzen Felder zu schwächen.} Bg7 6. O-O Bd7 7. d3 a6 (7... Nd4 $142) 8.
Bxc6 Bxc6 9. Be3 Nf6 10. h3 O-O 11. Qd2 Qb6 12. Rab1 {Schwarz verfügt auf den
ersten Blick über eine recht solide Stellung, hat aber zu wenig Gegenspiel.} a5
13. f5 $1 {[%mdl 32] Weiß hat dagegen einen klaren Plan, er strebt nämlich
danach, die Kontrolle des Nachziehenden über die schwarzen Felder e5,f6,g7 zu
schwächen. /\Bh6 um den wichtigen Verteidiger, den Bg7 abzutauschen.} d5 (13...
gxf5 14. Bh6 Bxh6 15. Qxh6 c4+ (15... Kh8 16. Ng5 $18) 16. Kh1 cxd3 17. cxd3
Kh8 18. Ng5 $18) 14. exd5 (14. Bh6 dxe4 $132) 14... Nxd5 15. Bh6 $1 {Logisch!}
Nf6 (15... Bxh6 16. Qxh6 Nf6 17. Ng5 Rfd8 18. fxg6 hxg6 19. Rxf6 $18) 16. Bxg7
Kxg7 17. Rbe1 $1 {Der Pe7 verteidigt die schwarzen Felder, soll also aus
weißer Sicht verdrängt werden.} Rfe8 {Dies schwächt das Feld f7} (17... Rae8
$142) (17... Qxb2 $2 18. Rb1 Qa3 19. Rb3 $18) 18. Ne5 $5 Qc7 $6 (18... Rad8 $1
19. Rf4 (19. Qe3 Qxb2 $13) (19. fxg6 hxg6 20. g4) 19... Rd4 $140 $1) 19. Rf4 {
Da Schwarz nicht mehr in der Lage ist die schwarzen Felder zu kontrollieren,
platziert Weiß seine Figuren auf den schwarzen Feldern und bereitet den
Angriff auf die Bauern f7,g6,h7 vor.} Rad8 20. Qe3 {verhindert Rd4} (20. Rh4
Rd4) 20... Qd6 (20... b6 21. fxg6) 21. Rh4 $1 {[%mdl 128] Der Angriff ist gut
vorbereitet, zeigt seine Wirkung. /\Qh6} (21. fxg6 hxg6 22. Rh4 Rh8 $1) 21...
Nh5 (21... Kg8 22. Qg5 $40) 22. fxg6 hxg6 (22... fxg6 23. Rxh5 $18) 23. Rxh5 $1
(23. Rxh5 gxh5 24. Qg5+ Kf8 25. Qxh5 Qf6 26. Rf1 $18) 1-0

[Event "Hastings 9495"]
[Site "Hastings"]
[Date "1994.??.??"]
[Round "4"]
[White "Lalic, Susan"]
[Black "Luther, Thomas"]
[Result "0-1"]
[WhiteElo "2375"]
[BlackElo "2510"]
[Annotator "Bangiev,A"]
[PlyCount "66"]
[EventDate "1994.12.??"]
[EventType "tourn"]
[EventRounds "9"]
[EventCountry "ENG"]
[EventCategory "9"]
[SourceTitle "CBM 045"]
[Source "ChessBase"]
[SourceDate "1995.04.01"]
[SourceVersion "1"]
[SourceVersionDate "1995.04.01"]
[SourceQuality "1"]

1. e4 {Horvath,T} c5 2. Nc3 e6 3. f4 Nc6 4. Nf3 a6 5. g3 d5 6. d3 Nf6 (6...
Nge7 $5 {Horvath,T} 7. Bg2 g6 8. O-O Bg7 9. Bd2 O-O 10. Kh1 Nd4 11. Rb1 b5 {
Mossony-De Castro/Dubai/1986}) 7. e5 (7. Bg2 {Horvath,T} Be7 8. O-O O-O 9. Qe2
b5 10. Nd1 dxe4 11. dxe4 Nd4 $10 {Hickl-Elvest/Zagreb/1986}) 7... Nd7 8. Bg2 b5
9. O-O Be7 10. Qe1 (10. a4 $5 b4 11. Ne2 $13) (10. Re1 $5 b4 11. Ne2 O-O 12. c4
bxc3 13. bxc3 Rb8 14. Qc2) 10... b4 11. Nd1 O-O 12. b3 $6 (12. c4 $5 bxc3 (
12... dxc4 13. dxc4 a5 14. b3 a4 15. Rb1 axb3 16. axb3 Ra2 17. Rf2 $14 {
-> Pc5 (/\ Be3,Qf2)}) 13. bxc3 Rb8 14. Be3 $13 {/\} (14. c4 $6 Nb6) 14... Nb6
15. Qf2 Na4 (15... c4 16. d4 a5 17. g4 $132) 16. Qc2 $13) (12. Ne3 $142 {
Horvath,T} a5 13. h4 a4 14. a3 {/\Ng5;Qh5->}) 12... a5 13. a4 bxa3 $5 14. Bxa3
a4 $36 15. bxa4 Rxa4 16. Nc3 Ra6 17. Nb5 (17. Bb2 {Horvath,T} Nb4 $15) 17...
Qb6 18. c4 Nb4 19. Qc3 (19. Qe2 $5 Bb7 20. Rfb1 Rfa8 $13) 19... Bb7 20. Bb2
Rfa8 21. Rxa6 Rxa6 22. Ra1 (22. Nd6 {Horvath,T} d4 $17) 22... Rxa1+ 23. Bxa1
Qa6 24. Na3 $6 (24. Bb2 $142 d4 25. Qd2 Bc6 $15 26. Na3 (26. Ba3 $6 Bxb5 27.
Bxb4 cxb4 28. cxb5 Qxb5 $17) 26... Qb7 27. Ne1 Bxg2 28. Qxg2 $15) 24... d4 25.
Qb3 Qa8 26. Kf2 (26. Ne1 Bxg2 27. Nxg2 Qf3 $17 {Horvath,T} 28. Ne1 Qe3+ 29. Kf1
g5 $1 $17) 26... g5 $1 $17 27. h3 h5 28. fxg5 (28. Bb2 h4 29. fxg5 hxg3+ 30.
Kxg3 Nxe5 31. Nxe5 Bxg2 $17) 28... Nxe5 29. Nxe5 Bxg2 30. Qd1 Bxh3 31. Qf3
Qxf3+ 32. Kxf3 Bxg5 33. Nb5 f6 0-1

[Event "Corus-B"]
[Site "Wijk aan Zee"]
[Date "2002.01.20"]
[Round "5"]
[White "Skripchenko, Almira"]
[Black "Nijboer, Friso"]
[Result "0-1"]
[WhiteElo "2498"]
[BlackElo "2574"]
[Annotator "Bangiev,A"]
[PlyCount "156"]
[EventDate "2002.01.15"]
[EventType "tourn"]
[EventRounds "11"]
[EventCountry "NED"]
[EventCategory "11"]
[SourceTitle "CBM 087"]
[Source "ChessBase"]
[SourceDate "2002.03.21"]
[SourceVersion "1"]
[SourceVersionDate "2002.03.21"]
[SourceQuality "1"]

1. e4 c5 2. Nc3 Nc6 3. f4 e6 4. Nf3 d5 5. Bb5 Nge7 6. Ne5 {Der Sinn des
Springerzuges nach e5 ist die Schwächung des schwarzen Zentrums.} Qd6 {[%mdl 8]
Ein neuer Zug. Schwarz beabsichtigt damit den Zug 7.d3 zu erzwingen.} (6... a6
7. Bxc6+ Nxc6 (7... bxc6 8. d4 $5) 8. Nxc6 bxc6 9. Qf3 $14) (6... Bd7 {Dies
stellt die Hauptvariante in diesem Abspiel dar.}) 7. d3 (7. Qf3 a6) (7. O-O $6
dxe4) 7... a6 8. Bxc6+ bxc6 (8... Nxc6 9. Nxc6 Qxc6 10. exd5 exd5 11. Qe2+ $14)
9. O-O (9. Qh5 $5) 9... f6 10. Nf3 Ng6 {[#] Diese Stellung hatte Schwarz
offenbar angestrebt.} 11. e5 $5 Qc7 (11... fxe5 12. fxe5 Nxe5 13. Bf4 Nxf3+ 14.
Qxf3 $36) 12. Qe2 Be7 13. Bd2 O-O 14. Rae1 {Weiß festigt seinen Zentrumsbauern
auf e5 und spielt in Richtung f6.} Bd7 15. b3 Be8 16. Na4 {Ein typisches
Springermanöver mit der Absicht den Bauern auf c5 mittels c4 zu blockieren.}
fxe5 17. fxe5 c4 $5 {Ein mutiges Bauernopfer. Schwarz versucht damit die
weißen Felder im Lager des Anziehenden zu schwächen.} 18. dxc4 c5 19. Nb2 Bc6
20. cxd5 Bxd5 21. c4 Bb7 {Wie soll Weiß den gefährlichen Läufer auf der
Diagonale h1-a8 neutralisieren?} 22. Nd3 {Weiß bereitet Ng5 vor. Wieso denn?
Der Springer auf d3 steht schlecht.} (22. Ng5 $5 Rxf1+ (22... Qc6 23. Nxh7 $1
Kxh7 24. Qh5+ Kg8 25. Qxg6) (22... Bxg5 23. Bxg5 Rxf1+ 24. Rxf1 Qxe5 25. Qxe5
Nxe5 26. Re1 Nf7 27. Be3 $16) 23. Rxf1 Nxe5 24. Nxe6 Qd6 25. Bc3 $16) (22. Na4
Rf5) 22... a5 $5 {Mit der Idee mitels a4 die Bauernkette am Damenflügel zu
schwächen.} 23. Ng5 Qc6 24. Rxf8+ (24. Nxh7 Rfd8 $1 {Der Nd3 hindert die
weißen Angriffsaussichten, z.B.} (24... Kxh7 $2 25. Qh5+ Kg8 26. Qxg6 $16) 25.
Nf6+ gxf6 26. exf6 Rxd3 $1 27. fxe7 Qxg2+ $1 28. Qxg2 Bxg2 $17) 24... Rxf8 25.
Rf1 Rd8 26. Rf2 a4 27. Ne1 axb3 28. axb3 Rd4 (28... Ra8 $1 29. Qh5 Bxg5 $1 30.
Bxg5 Nxe5 $13) 29. Nef3 Nf4 $6 {Dies ist taktisch okay., strategisch aber
schwach. Schwarz sollte den Läufer e7 gegen den Springer g5 tauschen, um den
Druck auf die weißen Feldern zu verstärken.} 30. Bxf4 $1 (30. Qe3 Bxg5 31. Nxd4
cxd4 32. Qg3 Qe4 $36) 30... Rxf4 31. Qe3 Rg4 32. Nh3 Re4 33. Qd3 h6 34. Rd2 Rg4
35. Kf1 Bc8 36. Re2 Qa8 37. Qe3 Bb7 38. Nf2 Bg5 39. Qd3 Rf4 40. Ne1 Rf7 41. Kg1
Bh4 (41... Qa1 $5) 42. Qh3 $1 Qd8 {Wieder ein Bauernopfer. Schwarz versucht
offenbar mehr aus der Stellung holen, als sie verspricht.} (42... Rxf2 43. Rxf2
Bxf2+ 44. Kxf2 Qa2+ 45. Kf1 $16) 43. Qxe6 Qd4 44. Nf3 Qa1+ 45. Re1 Qc3 46. Nd1
Qb4 47. Rf1 Bxf3 48. gxf3 Qxb3 49. f4 (49. Qd5 $5) 49... Qd3 50. Qd5 $1 Qg6+
51. Kh1 {Weiß steht klar besser, das starke Bauernpaar hat sehr gute
Aussichten.} Kh8 52. Ne3 Ra7 53. f5 Qh5 54. Qf3 Qxf3+ 55. Rxf3 Ra3 56. Kg2 Rc3
57. Kf1 Bg5 58. Ke2 Kg8 59. e6 h5 60. Kd2 $4 {Dies stellt den Pc4 ein.} (60.
Rg3 Bh4 (60... Bf4 61. e7) 61. Rg1 $16) 60... Rxc4 61. Kd3 Rd4+ 62. Kc3 Bf6 63.
Kc2 Kf8 64. Rh3 h4 65. Rf3 c4 66. Nd1 Rd5 67. h3 Ra5 68. Nf2 $2 {Dies stellt
die Partie ein.} (68. Nc3 $15) 68... Ra2+ 69. Kb1 Ra1+ 70. Kc2 Rf1 $19 71. Kd2
c3+ 72. Kd3 c2 73. Kxc2 Bd4 74. Rd3 Rxf2+ 75. Kd1 Rf4 76. Ke2 Ke7 77. Rd1 Kf6
78. Kd3 Be5 0-1

[Event "Skopje op 18th"]
[Site "Skopje"]
[Date "2002.01.20"]
[Round "6"]
[White "Stanojoski, Zvonko"]
[Black "Dworakowska, Joanna"]
[Result "1-0"]
[WhiteElo "2455"]
[BlackElo "2441"]
[Annotator "Bangiev,A"]
[PlyCount "65"]
[EventDate "2002.01.15"]
[EventType "swiss"]
[EventRounds "9"]
[EventCountry "MKD"]
[SourceTitle "CBM 088"]
[Source "ChessBase"]
[SourceDate "2002.03.21"]
[SourceVersion "1"]
[SourceVersionDate "2002.03.21"]
[SourceQuality "1"]

1. e4 c5 2. Nc3 d6 3. f4 Nc6 4. Nf3 g6 5. Bc4 Bg7 6. O-O Nf6 7. d3 O-O 8. Qe1
e6 9. e5 $5 (9. Bb3 Na5 $1) 9... Ne8 (9... dxe5 10. fxe5 Ng4 11. Bg5 $5 Qd7 12.
Ne4 $13) 10. Kh1 $1 (10. Bb3 dxe5 11. fxe5 Nxe5 12. Nxe5 Qd4+ 13. Be3 Qxe5 $15)
10... a6 11. Bb3 d5 12. a4 $1 {[%mdl 32] Ein guter Zug, der die schwachen
Felder c5 und b6 angreifen soll. Weiß beginnt damit eine interessante
Strategie, nämlich die Felder auf der Diagonale g1-a7 zu schwächen und
anschließend zu besetzen.} b6 13. Qg3 {Diese Stellung hatte Weiß angestrebt.
Er wird nun die schwarzen Felder im Raum b2-e5-h2 mittels Ne2 und c2-c3
sichern; weiterhin soll der Bauer c5 mittels Be3 und Qf2 verdrängt werden, um
Kontrolle über das Feld d4 zu erlangen.} Ne7 14. Qh3 {Weiß bereitet einen
Königsangriff vor.} Rb8 {Schwarz bereitet b5 gefolgt von c4 vor.} 15. Ne2 {
Mit der Idee mittels c3 das Feld d4 zu sichern.} b5 {Ein aktiver Zug, der
allerdings das Feld c5 und damit die Felder auf der Diagonale g1-a7 schwächt.}
16. axb5 axb5 17. c3 f5 {Dies stellt ein typisches Verfahren dar. Auf dieser
Weise will Schwarz seinen Königsflügel zu schützen und zwingt damit den
Anziehenden am Damenflügel aktiv zu werden. Nun ist aber das Spiel am
Königsflügel praktisch blockiert.} (17... b4 $5) 18. Be3 $1 {Weiß bemüht sich
die schwarzfeldrigen Stellungsschwächen im Lager des Nachziehenden am
Damenflügel zu besetzen.} Qc7 19. Rfc1 Bd7 20. Qh4 {/\Qf2} Nc8 21. Qf2 $1 {
Damit wird der Bauer c4 zum Vormarsch gezwungen, was die schwarzen Felder im
Lager des Schwarzen endgültig schwächt.} c4 22. Bc2 {Weiß steht klar besser.
Der Nachziehende ist immer noch nicht in der Lage den Springer e8 zu
entwickeln, was seine Möglichkeiten stark behindert. Die schwarzen Felder c5,
b6, d6, a7, e7 sind schwach und Weiß droht sie zu besetzen - mittels Bc5
gefolgt von d4.} h6 $2 {[%mdl 16384] Schwarz schwächt damit unnötig den Bauern
g6 und erlaubt dem Weißen den Druck am Königsflügel zu verstärken.} (22... Bc6
23. Bc5 Rf7 24. Ng5 $18) (22... Kh8 $1 23. Bc5 Rg8 24. d4 Bc6 25. Qh4 $16) 23.
Nh4 $1 {Weiß greift den Pg6 zum richtigen Zeitpunkt an und dies führt hier zum
Erfolg. Der Grund: der Läufer d7, der die weißen Felder verteidigen sollte,
ist in seiner Bewegungsfreiheit eingeschränkt und dadurch kommt er zu spät zur
Verteidigung des Pg6.} Kh7 24. Qg3 Ne7 25. Ra7 $1 Qc8 26. Bc5 $1 $18 Rf7 (26...
Qxc5 27. Rxd7 {/\d4} cxd3 28. Bxd3 {/\b4} b4 29. Nd4 $18) 27. Bxe7 Rxe7 28.
Qxg6+ Kh8 29. d4 Nc7 30. g4 Be8 31. gxf5 Qd8 32. Qg4 exf5 33. Qxf5 1-0

[Event "DEN-ch"]
[Site "Aarhus"]
[Date "1999.04.02"]
[Round "7"]
[White "El Kher, Henrik"]
[Black "Larsen, Bent"]
[Result "1-0"]
[WhiteElo "2338"]
[BlackElo "2532"]
[Annotator "Bangiev,A"]
[PlyCount "91"]
[EventDate "1999.03.??"]
[EventType "tourn"]
[EventRounds "9"]
[EventCountry "DEN"]
[EventCategory "10"]
[SourceTitle "CBM 071"]
[Source "ChessBase"]
[SourceDate "1999.08.01"]
[SourceVersion "1"]
[SourceVersionDate "1999.08.01"]
[SourceQuality "1"]

1. e4 c5 2. Nc3 Nc6 3. f4 e6 4. Nf3 d5 5. Bb5 Nge7 6. Ne5 Bd7 7. Nxd7 Qxd7 8.
Qf3 {[%mdl 8]} (8. exd5 exd5 9. O-O O-O-O 10. a3 Nf5 $132 {0-1 Short,N-Topalov,
V/Dos Hermanas 1997/CBM 59/(65)}) (8. d3 a6 9. Bxc6 Nxc6 10. O-O Be7 11. Qg4
dxe4 12. dxe4 Qd4+ 13. Kh1 O-O 14. Rd1 Qf2 15. Qe2 Qxe2 16. Nxe2 {1/2-1/2
Lazarevic,M-Belavenets,L/Belgrade 1998/EXT 99 (16)}) 8... a6 (8... d4 9. Na4
$36) (8... dxe4 9. Nxe4 Nf5 10. c3 Rd8 $132) 9. Bxc6 Qxc6 10. exd5 (10. d3 $5)
10... Nxd5 11. d3 O-O-O 12. Bd2 Nb4 13. Qxc6+ Nxc6 14. O-O-O $11 {[%mdl 4096]
Weiß ist dank seiner besseren Bauernstruktur im Vorteil. Man beachte die
Bauernschwäche im schwarzen Lager am Damenflügel.} h5 $6 (14... b6 15. Ne4 Kb7
16. Bc3 Nd4 $11) 15. Ne4 Be7 16. Rhf1 {/\f5} Nd4 (16... g6 17. Bc3 Nd4 18. Ba5
Rd5 19. c4 Rf5 20. Bb6 $14) (16... b6 17. f5 $5) 17. Ba5 $1 {[%cal Ya5b6]} Rd7
(17... Rd5 18. c4 Rf5 19. Bb6 {/\b4} Rxf4 20. Rxf4 Ne2+ 21. Kd2 Nxf4 22. Rf1
$36) 18. Bb6 {[%cal Yb6c5]} c4 (18... Rd5 19. c4 Rf5 20. b4 Rxf4 21. Rxf4 Ne2+
22. Kd2 Nxf4 23. Bxc5 Bxc5 24. bxc5 f6 25. g3 $36 {[%cal Ye4d6,Yd1b1,Yb1b7]})
19. dxc4 Ne2+ 20. Kb1 Rxd1+ 21. Rxd1 Nxf4 22. Rf1 Nxg2 23. Rg1 $1 (23. Rxf7 Rf8
24. Rxf8+ Bxf8 $132) 23... Nf4 24. Rxg7 Rf8 25. Kc1 Kd7 26. Be3 Ng6 27. Nc5+
Bxc5 28. Bxc5 Ne7 29. b4 Ke8 30. Rh7 Rg8 31. Rxh5 b5 32. cxb5 axb5 33. Bxe7
Kxe7 34. Rxb5 f5 35. Kd2 Rg2+ 36. Kd3 Kf6 37. a4 e5 38. a5 e4+ 39. Ke3 Rxc2 40.
a6 Rc3+ 41. Ke2 Rc2+ 42. Kd1 Rc8 43. a7 Ra8 44. Ra5 Ke6 45. h4 f4 46. Ke2 1-0

[Event "Julian Borowski 1st"]
[Site "Essen"]
[Date "1999.03.29"]
[Round "3"]
[White "Christiansen, Larry Mark"]
[Black "Lobron, Eric"]
[Result "1-0"]
[WhiteElo "2581"]
[BlackElo "2553"]
[Annotator "Bangiev,A"]
[PlyCount "66"]
[EventDate "1999.03.??"]
[EventType "tourn"]
[EventRounds "9"]
[EventCountry "GER"]
[EventCategory "14"]
[SourceTitle "CBM 071"]
[Source "ChessBase"]
[SourceDate "1999.08.01"]
[SourceVersion "1"]
[SourceVersionDate "1999.08.01"]
[SourceQuality "1"]

1. e4 c5 2. Nc3 Nc6 3. f4 g6 4. Nf3 Bg7 5. Bb5 Nd4 6. O-O Nxb5 7. Nxb5 d5 8.
exd5 $1 (8. e5) (8. d3) 8... a6 9. Nc3 Bd4+ {[%mdl 8]} (9... Nf6 10. d4 $1 (10.
d3 $2 Nxd5 $15) 10... Nxd5 (10... cxd4 11. Qxd4 O-O 12. Ne5 Bf5 13. b3 Rc8 14.
Bb2 b5 $132 {1-0 Lach,B-Bauer,M/Wuert 1996/EXT 99 (64)}) (10... c4 11. Ne5 Nxd5
12. Qf3 e6 13. f5 gxf5 14. Nxd5 Qxd5 15. Qxd5 exd5 16. Nf3 O-O {1/2-1/2
Hodgson,J-Rowson,J/Rotherham 1997/CBM 58 (29)}) 11. dxc5 $1 (11. Nxd5 Qxd5 12.
dxc5 Qxc5+ 13. Kh1 O-O $36 {0-1 Bennett,A-Dzindzichashvili,R/New York (40)})
11... Nxc3 (11... Be6 12. Ne4 Nb4 $5 13. Bd2 Nxa2 14. b3 $5 Bf5 15. Qe2 $14)
12. Qxd8+ Kxd8 13. bxc3 Bxc3 14. Rb1 $14 {1-0 Perelshteyn,E-Shahade,G/New York
1998/(25)}) 10. Kh1 (10. Nxd4 cxd4 11. Ne4 Qxd5 $132) 10... Nf6 (10... Bg4 11.
h3 Bxf3 12. Qxf3 Nf6 13. Ne2 Nxd5 (13... Qxd5 $2 14. c3) 14. Nxd4 cxd4 15. c4
$1 $16) 11. Ne2 $1 Nxd5 12. Nexd4 cxd4 13. Nxd4 $16 Nb4 $6 (13... Qb6 $5 14. c3
Bf5) 14. c3 Nc6 15. Nxc6 bxc6 16. d4 Be6 17. b3 Bd5 {[%tqu "De","Der Schwarze
beabsichtigt in dieser schwierigen Stellung mittels 18...f5 und 19...Le4 die
e-Linie bzw. das Zentrum zu blockieren. Was ist dagegen zu tun?","","","f1e1",
"Richtig! Weiß kommt einen Zug schneller. Nach 18...f5 folgt 19.Te5! und der
Blockadezug Ld5-e4 kommt zu spät.",10]} 18. Re1 $1 f5 19. Re5 $1 (19. Ba3 Be4)
19... O-O 20. Ba3 Rf7 21. Qe2 Be4 22. Bc5 Qf8 23. Qf2 Qg7 24. Re1 h6 25. h3 Kh7
26. Qh4 Re8 27. Kh2 e6 28. c4 Rf6 29. Bb4 $1 Rg8 30. Bc3 $16 {[%cal Yd4d5] /\d5
} g5 31. fxg5 Qxg5 32. Qxg5 Rxg5 33. g4 Rfg6 $2 {Ein entscheidender Fehler in
schwieriger Lage. 34.Bd2+-} 1-0

[Event "ROM-ch"]
[Site "Targoviste"]
[Date "2001.12.07"]
[Round "13"]
[White "Berescu, Alin Mile"]
[Black "Jianu, Vlad Cristian"]
[Result "1-0"]
[WhiteElo "2422"]
[BlackElo "2397"]
[Annotator "Bangiev,A"]
[PlyCount "99"]
[EventDate "2001.11.23"]
[EventType "tourn"]
[EventRounds "15"]
[EventCountry "ROU"]
[EventCategory "9"]
[SourceTitle "CBM 087"]
[Source "ChessBase"]
[SourceDate "2002.03.21"]
[SourceVersion "1"]
[SourceVersionDate "2002.03.21"]
[SourceQuality "1"]

1. e4 c5 2. Nc3 Nc6 3. Bb5 g6 4. Bxc6 dxc6 5. d3 Bg7 6. Be3 b6 7. Qd2 e5 8. h3
{Eine seltene, aber logische Fortsetzung, mit der Absicht den Vorstoß f4-f5
und damit ein Spiel am Königsflügel vorzubereiten. Öfter wird hier 8.Nge2
gespielt.} h6 (8... Be6 9. O-O-O Qd6 10. f4 $36) (8... Nf6 9. O-O-O O-O 10. Bh6
$36) 9. O-O-O Nf6 10. f4 exf4 11. Bxf4 Be6 (11... Bb7 12. Nf3 Qe7 13. e5 Nd5
14. Ne4 O-O-O 15. Nd6+ Kb8 16. Bg3 $14) 12. Nf3 Qe7 13. d4 $5 (13. e5 $5 Nd5 (
13... Nd7 14. g4) (13... Nh5 $6 14. Bh2) 14. Ne4 O-O-O (14... Nxf4 15. Qxf4
Bxa2 16. b3 g5 (16... a5 17. Nf6+) 17. Qf5 a5 18. Nf6+ Kd8 19. Kb2) 15. Bg3)
13... O-O-O (13... Rd8 $143 14. Qe3 $14) 14. Qe3 cxd4 15. Nxd4 Kb7 16. g4 Qc5
$6 (16... Bc4 $5 17. Rhe1 Qc5) 17. Nxe6 Qxe3+ 18. Bxe3 fxe6 19. Bd4 $1 {
Weiß steht nun wesentlich aktiver.} Kc8 {/\Ne8} (19... Ne8 $2 20. Bxg7 Nxg7 21.
Rhf1 Rxd1+ 22. Kxd1 Rd8+ 23. Ke2 $16) 20. Be5 $5 Ne8 21. Rxd8+ Kxd8 22. Bxg7
Nxg7 23. Rf1 Ke7 24. e5 $1 {Dies soll die Stellungsschwäche auf d6 und auf f6
und damit den Raumvorteil des Anziehenden befestigen.} Rf8 25. Rxf8 Kxf8 26.
Ne4 Ne8 27. Kd2 Nc7 28. c4 Na6 29. Kc3 Ke7 30. b4 Nb8 31. Kd4 Nd7 32. h4 Nb8
33. Nf6 Kf8 34. b5 c5+ 35. Ke4 Kf7 36. a4 Kf8 37. Kf4 $1 {/\Ne4-d6-c8} Kf7 38.
Ne4 Nd7 39. Nd6+ Ke7 40. Nb7 (40. Nc8+ $2 Kd8 41. Nxa7 Nb8 $1) 40... Kf7 $2 41.
Nd8+ Ke8 (41... Ke7 42. Nc6+) 42. Nxe6 $18 Ke7 43. Nc7 Nf8 44. Ke4 Kd8 45. Nd5
Kd7 46. h5 gxh5 47. gxh5 Ne6 48. Kf5 Ng5 49. Nf6+ Ke7 50. Ng8+ 1-0

[Event "EU-chT (Men) 13th"]
[Site "Leon"]
[Date "2001.11.06"]
[Round "1.4"]
[White "Antoms, Guntars"]
[Black "McShane, Luke J"]
[Result "0-1"]
[WhiteElo "2486"]
[BlackElo "2531"]
[Annotator "Bangiev,A"]
[PlyCount "56"]
[EventDate "2001.11.06"]
[EventType "team-swiss"]
[EventRounds "9"]
[EventCountry "ESP"]
[SourceTitle "CBM 086"]
[Source "ChessBase"]
[SourceDate "2002.02.05"]
[SourceVersion "1"]
[SourceVersionDate "2002.02.05"]
[SourceQuality "1"]
[WhiteTeam "Latvia"]
[BlackTeam "England"]
[WhiteTeamCountry "LAT"]
[BlackTeamCountry "ENG"]

1. e4 c5 2. Nc3 Nc6 3. f4 g6 4. Nf3 Bg7 5. Bc4 e6 6. f5 Nge7 7. fxe6 dxe6 8.
O-O Nd4 9. d3 Nec6 $1 {Eine gute Idee! Nach dem "üblichen" 9...0-0 folgt 10.
Bg5 mit weißer Initiative.} (9... O-O 10. Bg5) 10. Bg5 {Dies wird widerlegt.} (
10. Be3 $142 O-O 11. Qd2) 10... Nxf3+ {[%mdl 8]} (10... Qd7 11. Kh1 h6 12. Bh4
O-O 13. Nxd4 cxd4 14. Ne2 Ne5 15. Bb3 a5 16. a4 Ng4 17. Qd2 g5 18. Bf2 Kh7 19.
Bg1 f5 {1/2-1/2 Kecic,S-Delchev,A/Bled 1997/(60)}) 11. Qxf3 Bd4+ {Dieser
einfache Zwischenzug stellt eine Wiederlegung der Variante 10.Bg5 dar.} (11...
Qxg5 $2 12. Qxf7+) 12. Be3 Bxe3+ 13. Qxe3 Qd4 14. Qxd4 cxd4 15. Nb5 Ke7 {
Dank der Kontrolle über die schwarzen Felder im Zentrum (der Pd4 blockiert den
Pc2) hat der Nachziehende gute Chancen am Damenfügel.} 16. Rae1 (16. c3 dxc3
17. Nxc3 Rd8 $11) 16... Bd7 17. Nc7 $6 (17. e5 $142 a6 18. Nd6) 17... Rac8 18.
Nd5+ Kd6 19. Nf6 Ne5 $1 {Die Überführung des Springers nach f6 hat Weiß nur
Sorgen gebracht.} 20. c3 (20. Bb3 h5) (20. Nxd7 Kxd7 {Mit einem "guten"
Springer gegen einen "schlechten" Läufer hat Schwarz im Endspiel die etwas
besseren Aussichten.}) 20... dxc3 21. bxc3 {/\Bb3 gefolgt von d4 mit weißer
Initiative.} Ba4 $5 $36 {Dies soll den Vorstoß d4 (nach 22.Bb3) verhindern.} (
21... a6 22. Rb1 b5 23. Bb3 Rxc3 24. d4) 22. Bb3 $2 {[%mdl 8192]} (22. Rb1 $1
Nxc4 (22... b6 23. Rb4 Bc2 24. Rf2) (22... Kc6 23. Nd5 $5) 23. dxc4 b6 (23...
Bc6 24. e5+ $1 Kxe5 $2 (24... Ke7 $11) 25. c5 $18) 24. Rb4 Bc6 25. Rd1+ Ke7 (
25... Ke5 26. Nd7+ $132) 26. e5 h5 27. Rd4 $1 $132) 22... Bxb3 23. axb3 Nxd3 (
23... Rxc3 24. d4 Nd3 25. e5+ Ke7 26. Re3 Rd8 27. Ref3 $132) 24. Rd1 Rxc3 $19
25. Rf3 Ke7 {Hatte Weiß dies übersehen??} 26. Ng4 Rd8 27. Nf2 $2 Nxf2 28. Rxd8
Rxf3 0-1